000 00506 a2200169 4500
041 _aEnglish
082 _aCD5698
100 _aDhakal, Srijana
245 _aDividend policy of commercial banks in Nepal with special reference to NIC, Nabil and Bank of Kathmandu
260 _aKathmandu
_c2010
502 _aDissertation
_bDegree in Management
_cShanker Dev c.
_d2010
650 _aDividend policy
650 _aMarket price
650 _aDividend practices
653 _aManagement
942 _2ddc
_cVM
999 _c62027
_d62015